000
00243nam a2200097Ia 4500
005
20251222114406.0
008
251222s1900||||xx |||||||||||||| ||spa||
082
_a
DVD0070/K53/T.9
245
0
_a
No desearás a la mujer de tu prójimo:
942
_c
DVD
999
_c
1847
_d
1847